| 000 | 00772nam a22002537a 4500 | ||
|---|---|---|---|
| 003 | OSt | ||
| 005 | 20220107122810.0 | ||
| 008 | 160415b xxu||||| |||| 00| 0 eng d | ||
| 020 | _a9788126544691 | ||
| 040 | _cIIITMK | ||
| 082 | _a006.8 MIN/B | ||
| 100 |
_aMinelli, Michael _98858 |
||
| 245 |
_aBig data, big analytics: _bEmerging business intelligence and analytic trends for today's businesses. _cMichael Minelli |
||
| 260 |
_aNew Delhi, _bWiley, _c2014 |
||
| 300 | _axxvi, 187p. | ||
| 650 |
_aCOMPUTER SCIENCE _98859 |
||
| 650 |
_aBIG DATA _98860 |
||
| 650 |
_aBUSINESS INTELLIGENCE _98861 |
||
| 650 |
_aDATA MINING _98862 |
||
| 650 |
_aELECTRONIC DATA PROCESSING _98863 |
||
| 700 |
_aChambers, Michele _98864 |
||
| 700 |
_aDhiraj, Ambiga _98865 |
||
| 942 |
_2ddc _cBK |
||
| 999 |
_c5064 _d5064 |
||